000 00402nam a22001697a 4500
003 OSt
005 20220126103922.0
008 220126b |||||||| |||| 00| 0 eng d
020 _a0030965438
040 _cHU
082 _a658
100 _aANTONY , WILLIAM P.
_928668
245 _aSTRATEGIC HUMAN RESOURES MANAGEMENT
260 _aTORONTO
_bTOKIYO
_c1993
300 _a791
942 _2ddc
_cBOOKS
_n0
999 _c27911
_d27911